Numero 1 mondiaux au classement ATP - Statistiques

Statistiques générales
  • Ce quiz a été pris 260 fois
    60 depuis la dernière actualisation
  • Le résultat moyen est 17 sur 29
Statistiques - réponses
Hint Réponse % Correct
2008 Rafael Nadal
100%
2011 Novak Djokovic
98%
2004 Roger Federer
98%
2016 Andy Murray
93%
2022 Carlos Alcaraz
93%
2024 Jannik Sinner
92%
2022 Daniil Medvedev
85%
1995 Andre Agassi
81%
1977 Björn Borg
69%
1980 John McEnroe
68%
1993 Pete Sampras
68%
1983 Ivan Lendl
59%
1991 Boris Becker
58%
2000 Gustavo Kuerten
53%
2000 Marat Safin
51%
2003 Andy Roddick
47%
2003 Juan Carlos Ferrero
47%
2001 Lleyton Hewitt
47%
1992 Jim Courrier
46%
1988 Mats Willander
46%
1974 Jimmy Connors
44%
1990 Stefan Edberg
44%
1973 Ilie Nastase
39%
1999 Carlos Moya
37%
1999 Ievgueni Kafelnikov
34%
1998 Marcelo Rios
29%
1999 Patrick Rafter
29%
1974 John Newcombe
24%
1996 Thomas Muster
22%
Aucun quiz correspondant
Distribution des résultats
% des personnes avec chaque résultat
Percentile par nombre de réponses
Votre historique - résultats
Vous n’avez pas pris ce quiz depuis la dernière actualisation